| 000 | 00594nam a22002057a 4500 | ||
|---|---|---|---|
| 005 | 20230714163632.0 | ||
| 008 | 230714b ||||| |||| 00| 0 eng d | ||
| 040 | _cAL | ||
| 041 | _aEnglish | ||
| 082 |
_223 _a303.4 _bLANO |
||
| 100 |
_aJohn lane and others _9127074 |
||
| 245 | _aOnly Connect :Soil Soul Society | ||
| 260 |
_aNew Delhi _bViveka foundation _c2001 |
||
| 300 |
_a287 p. _bPB _c24x15 cm. |
||
| 365 | _d₹325.00 | ||
| 650 |
_aThe best of Resurgence Magazine 1990-1999 _9127075 |
||
| 700 |
_aLANE (John) _9127076 |
||
| 700 |
_aMITCHELL (Maya Kumar) _9127077 |
||
| 942 |
_2ddc _cDB |
||
| 999 |
_c227891 _d227891 |
||